What's It Stand For? U.S. Gov't Edition Quiz Stats

 Plays Quiz Updated Oct 8, 2018

Challenge
Share
Tweet
Embed
Score 0/63 Timer 10:00
1 Play Today
% Correct
Agency
91.3%
National
90.4%
Space
89.2%
Space
89.2%
Service
88.9%
Service
88.8%
Revenue
88.2%
Internal
86.9%
Federal
86.8%
Protection
85.3%
Environmental
83.3%
United
82.2%
States
80.8%
Center
80.3%
Centers (for)
79%
Control
79%
Administration
78.8%
Administration
78.8%
Administration
78.7%
Administration
78.8%
Disease
78.1%
Drug
77.9%
(Department of) Veterans
74.9%
Enforcement
73.1%
of
70.7%
Firearms (and Explosives)
67.3%
Safety (and)
65.4%
Commission
64.9%
Security
64.6%
Tobacco,
64.4%
Training
63.7%
Communications
63.6%
% Correct
(Bureau of) Alcohol,
63.3%
Affairs
62.6%
Transportation
62.2%
Guard
62.1%
Coast
61.8%
Kennedy
60.6%
(Dept of) Housing (and)
59%
Development
58.8%
Health
58.5%
Urban
57.5%
Aeronautics (and)
57.4%
Officer
56%
Corps
53.2%
Occupational
50.6%
General
47.6%
Judge
45.3%
Reserve
44.9%
Advocate
42.2%
Zone
40%
Bureau (of)
28.1%
Selective
22.7%
Congress
21.9%
Library
19.5%
System
19.1%
Plan
11.5%
Improvement
11.1%
Engraving (and)
9.5%
Printing
9.4%
Metropolitan
8.3%
Area
8%
Statistical
6.7%

You're not logged in!

Compare scores with friends on all Sporcle quizzes.
OR
Log In

You Might Also Like...

Show Comments

Extras

Top Quizzes Today


Score Distribution

Your Account Isn't Verified!

In order to create a playlist on Sporcle, you need to verify the email address you used during registration. Go to your Sporcle Settings to finish the process.

Report this User

Report this user for behavior that violates our Community Guidelines.

Details: